1934 1176 1932 1060 1152 1785 1389 1933 1634 1285 1589 1908 1496 1773 1460 1829 1150 1908 1737 1681 1161 1683 1890 1898 1592 1237 1490 1754 1123 1658 1761 1977 1492 1994 1852 1117 1140 1564 1416 1554 1645 1189 1937 1120 1469 1644 1265 1140 1504 1985 1809 1369 1903 1980 1395 1326 1325 1174 1458 1322 1073 1156 1586 1094 1431 1445 1181 1190 1748 1403 1704 1182 1244 1291 1652 1629 1580 1062 1082 1256 1236 1755 1516 1503 1115 1405 1635 1849 1945 1581 1753 1321 1996 1499 1541 1592 1456 1196 1291 BCNSPRNW ULIB Ver.6.0+V

เปลี่ยนเป็นภาษาไทย

Change to English
 แสดงรายละเอียดบรรณานุกรม
  กลับหน้าหลัก

Brief Record : Get Marc (ISO 2709) : E-mail record : QR code < ปิดหน้าต่าง
LEADER : 00000nam 2200000uu 4500
001    13399120652
003     ULIB
008    121002s2551||||th 000 0 tha d
020    ^a9789740321347
050 04 ^aBF576^bว848ช
100 0  ^aวีระวัฒน์ ปันนิตามัย
245 10 ^aเชาวน์อารมณ์ =^bEmotional quotient - EQ :^bดัชนีเพื่อความสุขและความสำเร็จของชีวิต ฉบับปรับปรุงเพิ่มAQ และ MQ /^cวีระวัฒน์ ปันนิตามัย
246 14 ^aเชาวน์อารมณ์ (EQ) :^bดัชนีเพื่อความสุขและความสำเร็จของชีวิต ฉบับปรับปรุงเพิ่มAQ และ MQ
246 30 ^aดัชนีเพื่อความสุขและความสำเร็จของชีวิต
246 31 ^aEmotional quotient - EQ
250    ^aพิมพ์ครั้งที่ 7 (ฉบับปรับปรุง)
260    ^aกรุงเทพฯ :^bสำนักพิมพ์แห่งจุฬาลงกรณ์มหาวิทยาลัย,^c2551
300    ^a401 หน้า ;^c21 ซม.
650  7 ^aความฉลาดทางอารมณ์
650  7 ^aเชาวน์
650  7 ^aอารมณ์
945    ^p190^l0^i15346
945    ^p190^l0^i15347
995    ^aวิภา
999 ^a ใช้งานได้ทุกระบบ
รายการนี้ยังไม่มีแท็ก
คุณยังไม่ได้ล็อกอิน คุณสามารถมีกิจกรรมร่วมกับเว็บไซต์ได้ แต่ต้องล็อกอินก่อน ::
  ล็อกอิน

รายการสื่อสารสนเทศ

ลำดับที่ ประเภท เลขเรียก/บาร์โค้ด สถานที่ สถานะ
1. วิทยาศาสตร์การแพทย์ และสุขภาพ
วิทยาศาสตร์การแพทย์ และสุขภาพ
BF576 ว848ช  
  Barcode: 15346
ห้องสมุดวิทยาเขตสวรรค์ประชารักษ์
►หนังสือทั่วไป
บนชั้น
2. วิทยาศาสตร์การแพทย์ และสุขภาพ
วิทยาศาสตร์การแพทย์ และสุขภาพ
BF576 ว848ช ฉ.2 
  Barcode: 15347
ห้องสมุดวิทยาเขตสวรรค์ประชารักษ์
►หนังสือทั่วไป
บนชั้น

รายการใกล้เคียง
    ผู้แต่ง [วีระวัฒน์ ปันนิตามัย]

    หัวเรื่อง [ความฉลาดทางอารมณ์]
    หัวเรื่อง [เชาวน์]
    หัวเรื่อง [อารมณ์]

BibComment


ยังไม่เคยถูกคอมเมนท์

คอมเมนท์ทรัพยากรรายการนี้
  คอมเมนท์: เชาวน์อารมณ์ Em..


 Copyright 2026. Bcnsprnw @Library